[Event "Sanxenxo Carlos op 12th"]
[Site "Sanxenxo"]
[Date "2021.06.26"]
[Round "1"]
[White "Alonso Garcia, Aaron"]
[Black "Victorero Dominguez, Alejandro"]
[Result "1-0"]
[WhiteElo "2363"]
[BlackElo "1709"]
[PlyCount "45"]
[EventDate "2021.06.26"]
[EventType "swiss"]
[EventRounds "9"]
[EventCountry "ESP"]
[SourceTitle "CBM 203 Extra"]
[Source "ChessBase"]
[SourceDate "2021.09.30"]
[SourceVersion "1"]
[SourceVersionDate "2021.09.30"]
[SourceQuality "1"]

1. e4 d5 2. exd5 Qxd5 3. Nc3 Qa5 4. d4 Nf6 5. Nf3 Bg4 6. h3 Bh5 7. g4 Bg6 8. Ne5 c6 9. h4 Nbd7 10. Nc4 Qc7 11. h5 Be4 12. Nxe4 Nxe4 13. Qf3 Nd6 14. Bf4 e5 15. Nxe5 Nxe5 16. dxe5 Qa5+ 17. c3 Nb5 18. 0-0-0 Be7 19. Bc4 0-0 20. Rd7 Bc5 21. e6 Rad8 22. exf7+ Kh8 23. h6 1-0

[Event "Gallego-ch U18"]
[Site "Viveiro"]
[Date "2016.02.06"]
[Round "1"]
[White "Bayon Rolo, Juan Andres"]
[Black "Victorero Dominguez, Alejandro"]
[Result "1-0"]
[WhiteElo "2077"]
[BlackElo "1619"]
[PlyCount "65"]
[EventDate "2016.02.06"]
[EventType "swiss"]
[EventRounds "8"]
[EventCountry "ESP"]
[SourceTitle "EXT 2024"]
[Source "ChessBase"]
[SourceDate "2023.10.10"]
[SourceVersion "1"]
[SourceVersionDate "2023.10.10"]
[SourceQuality "1"]

1. e4 d5 2. exd5 Qxd5 3. d4 e5 4. dxe5 Qxd1+ 5. Kxd1 Nc6 6. f4 Bf5 7. c3 0-0-0+ 8. Bd2 f6 9. Nf3 Bc5 10. Bc4 Nge7 11. exf6 gxf6 12. Kc1 Ng6 13. b4 Bd6 14. g3 Rhe8 15. a4 Be4 16. Rf1 Nce7 17. Nd4 Bd5 18. Bd3 Nc6 19. Nxc6 Bxc6 20. Bb5 Bxb5 21. axb5 Kb8 22. Rf3 Re2 23. c4 Rxh2 24. c5 Bf8 25. Rfa3 Re8 26. Rxa7 Kc8 27. R1a3 Re4 28. f5 Bh6 29. fxg6 Rc4+ 30. Kd1 Rh1+ 31. Ke2 hxg6 32. Bxh6 Rxh6 33. Rd3 1-0